In memoriam Ruben Andresen Leitão (Registo nº 202051)

Detalhes MARC
000 -Etiqueta do registo
Valores 00677nam 22001933 4500
100 ## - Dados gerais de processamento
Dados gerais 20260506d u||y0pory50 ba
200 ## - Titulo e menção de responsabilidade
Título próprio In memoriam Ruben Andresen Leitão
Primeira menção de responsabilidade organização José Sommer Ribeiro, ...[et al.]
210 ## - Publicação
Local de publicação [Lisboa]
Nome do editor Imprensa Nacional - Casa da Moeda
Data de publicação imp. 1981
215 ## - Descrição física 
Paginação / Volumes 3 vols.
Outras indicações físicas il. ; brochado
Dimensões 28 cm
300 ## - Notas gerais 
Texto da nota O volume 3 contém poemas e 25 gravuras
327 ## - Nota de conteúdo
Texto da nota 1º vol.: 328, [8] p.<br/>2ºvol.: 281, [7] p. <br/>3º vol.: 43, [64] p.<br/>
606 ## - Nome comum usado como assunto
ID Autoridade 1250
Palavra de ordem Biografias
675 ## - CDU
Notação 629
Edição PT
Língua por
701 ## - Co-autor principal (pessoa individual)
ID Autoridade 14103
Apelido Ribeiro
Nome José Sommer
Datas 1924-2006
801 ## - Fonte de origem
País PT
Agência BMMN
Regras de catalogação RPC
830 ## - Notas gerais do catalogador
Criado por Vanda
990 ## - Elementos KOHA
Tipo de documento Livro
Exemplares
Situação do levantamento Biblioteca de origem Código de barras Cota Permissão de empréstimo Tipo de documento Forma de aquisição
  Biblioteca Municipal de Montemor-o-Novo 31464 929 LEI|DEP (vol. I)   Livro Compra
  Biblioteca Municipal de Montemor-o-Novo 31465 929 LEI|DEP (vol. II)   Livro Compra
  Biblioteca Municipal de Montemor-o-Novo 31466 929 LEI|DEP (vol.III)   Livro Compra

Powered by Koha